| 000 | 00682nam a2200229 a 4500 | ||
|---|---|---|---|
| 001 | 17569 | ||
| 003 | CO-ViMGA | ||
| 008 | 141112s2004 ck r 000 u spa d | ||
| 020 | _a9802572462 | ||
| 040 |
_aCO-ViMGA _bspa _cCO-ViMGA |
||
| 082 | 0 | 4 | _aTRIt |
| 100 | 1 |
_aTrivizas, Eugene; Oxenbury, Helen _924879 |
|
| 245 | 1 | 0 | _aLos tres lobitos y el cochino feroz |
| 260 |
_aCaracas (Venezuela), _cEkare, _c1998 |
||
| 300 | _a30.p. | ||
| 590 | _aForma de adquisición : Premio - Mincultura | ||
| 650 | 1 | 4 |
_aAMISTAD EN LA LITERATURA _970 |
| 650 | 1 | 4 |
_aCERDOS EN LA LITERATURA _924880 |
| 650 | 1 | 4 |
_aCUENTOS INFANTILES _92743 |
| 650 | 1 | 4 |
_aVALOR EN LA LITERATURA _924881 |
| 942 |
_2ddc _cBK |
||
| 999 |
_c27065 _d27065 |
||